Permainan etnik

Bibliographic Details
Main Author: Jasiman Ahmad
Format: Book
Published: Kuala Lumpur : Goodmark Enterprise , 2004
Series:Siri Permainan Tradisional
Subjects:

MARC

LEADER 00000cam a2200000 7i4500
001 0000058791
005 20160114.0
008 160114
020 |a 978-9830573303 
090 0 0 |a 394.309595   |b JAS 
100 0 |a Jasiman Ahmad 
245 1 0 |a Permainan etnik   |c Jasiman Ahmad 
260 |a Kuala Lumpur :   |b Goodmark Enterprise ,   |c 2004 
300 |a 50pg 
490 0 |a Siri Permainan Tradisional 
650 0 |a Games--Malaysia--Juvenile Literature 
999 |a 000859671   |b Book   |c Adult Collection   |e Cawangan Muar